Detalles MARC
| 000 -LIDER |
| fixed length control field |
01925nam a2200337 a 4500 |
| 001 - NÚMERO DE CONTROL |
| Identificador de número de control |
000015040 |
| 003 - IDENTIFICACDOR DE NÚMERO DE CONTROL |
| control field |
DO-SdBNP |
| 005 - DATE AND TIME OF LATEST TRANSACTION |
| control field |
20210806105754.0 |
| 008 - ELEMENTOS DE LONGITUD FIJA |
| fixed length control field |
100129s2000 dr a 000 0 spa d |
| 020 ## - ISBN |
| International Standard Book Number |
9993401382 |
| 040 ## - FUENTE DE CATALOGACIÓN |
| Agencia que crea de manera original el registro |
BPMSU |
| Idioma de catalogación |
spa |
| Agencia que realiza la transcripción |
BPMSU |
| 082 ## - NÚMERO DE CLASIFICACIÓN DECIMAL DE DEWEY |
| Classification number |
972.9304 |
| Item number |
G934m, 2000 |
| Edition number |
22 |
| 100 1# - ASIENTO PRINCIPAL -- NOMBRE PERSONAL |
| Nombre personal |
Guerrero Pichardo, Gustavo |
| 245 13 - MENCIÓN DE TITULO |
| Título |
Magnicidios en dominicana : |
| Subtítulo |
las muertes de Pepillo Salcedo, Ulises Heureaux, Mon Cáceres y Trujillo / |
| Mención de responsabilidad |
Gustavo Guerrero Pichardo |
| 250 ## - MENCIÓN DE EDICION |
| Mención de edición |
2a. ed. |
| 260 ## - PUBLICACIÓN, DISTRIBUCIÓN, ETC. (PIE DE IMPRENTA) |
| Lugar de publicación, distribución, etc |
Santo Domingo : |
| Nombre del editor, distribuidor, etc. |
Librería La Trinitaria, |
| Fecha de publicación, distribución, etc |
2000. |
| 300 ## - DESCRIPCIÓN FÍSICA |
| Extensión |
69 p. : |
| Otros detalles físicos |
il. ; |
| Dimensiones |
21 cm. |
| 500 ## - NOTA GENERAL |
| Nota general |
Incluye notas al pie de las páginas |
| 505 0# - NOTA DE CONTENIDO |
| Información miscelánea |
Preámbulo -- |
| Título |
Una descarga cerrada corta la vida de Pepillo Salcedo en la playa de Maimón -- |
| -- |
Notables asesinatos políticos en nuestro país -- |
| Información miscelánea |
La muerte del coloso Ulises Heureaux -- |
| Título |
Motivos de su muerte -- |
| -- |
Con rumbo al Cibao -- |
| -- |
Llegada a Moca -- |
| -- |
Día de la tragedia -- |
| -- |
¡Sálvese el que pueda! -- |
| -- |
Los conjurados -- |
| -- |
Lealtad en Perico Pepín -- |
| -- |
Otras tramas para matarlo -- |
| -- |
Anécdota jocosa -- |
| -- |
La historia se repite -- |
| Información miscelánea |
La muerte del Presidente Cáceres -- |
| Título |
Motivos de la conspiración -- |
| -- |
El día de la tragedia -- |
| -- |
Inútil la mano derecha -- |
| -- |
Capturan a Luis Tejera -- |
| -- |
Trasladan el cadáver -- |
| Información miscelánea |
¡Al fin desaparece Trujillo! -- |
| Título |
La palanca oculta -- |
| -- |
La conspiración. |
| 590 ## - NOTA LOCAL |
| Enlace |
Invetariado, 2021/VM |
| 600 14 - ENCABEZAMIENTO DE MATERIA--NOMBRE PERSONAL |
| Nombre personal |
Salcedo, José Antonio |
| Fechas asociadas con el nombre |
1816-1864 |
| 600 14 - ENCABEZAMIENTO DE MATERIA--NOMBRE PERSONAL |
| Nombre personal |
Heureaux, Ulises |
| Fechas asociadas con el nombre |
1845-1899 |
| 600 14 - ENCABEZAMIENTO DE MATERIA--NOMBRE PERSONAL |
| Nombre personal |
Cáceres, Ramón |
| Fechas asociadas con el nombre |
1866-1911 |
| 600 #4 - ENCABEZAMIENTO DE MATERIA--NOMBRE PERSONAL |
| Nombre personal |
Trujillo Molina, Rafael Leónidas, |
| Fechas asociadas con el nombre |
1891-1961 |
| 650 #4 - ENCABEZAMIENTO DE MATERIA--TEMÁTICO |
| Término temático o nombre geográfico como elemento de entrada |
Homicidios políticos |
| Subdivisión geográfica |
República Dominicana |
| Subdivisión temática general |
Historia |
| 650 #4 - ENCABEZAMIENTO DE MATERIA--TEMÁTICO |
| Término temático o nombre geográfico como elemento de entrada |
Delitos políticos |
| Subdivisión geográfica |
República Dominicana |
| Subdivisión temática general |
|
| 651 #4 - ENCABEZAMIENTO DE MATERIA--NOMBRE GEOGRÁFICO |
| Nombre geográfico |
República Dominicana |
| Subdivisión temática general |
Historia |
| Subdivisión cronológica |
Conspiración de 1864-1961 |
| 651 #4 - ENCABEZAMIENTO DE MATERIA--NOMBRE GEOGRÁFICO |
| Nombre geográfico |
República Dominicana |
| Subdivisión temática general |
Política y gobierno |
| 910 ## - VALIDACIÓN |
| Validación |
MCabrera / VMateo |
| 942 ## - ADDED ENTRY ELEMENTS (KOHA) |
| Source of classification or shelving scheme |
Dewey Decimal Classification |
| Koha item type |
Libros |